[Event "AUTO-INT-3864"]
[Site "http://www.queenalice.com/game.php?id=1847617"]
[Date "2024.11.22"]
[Round "2"]
[White "RaulSoft2"]
[Black "Rasumichin"]
[Result "1-0"]
[WhiteElo "2595"]
[BlackElo "1656"]

1. d4 d5 2. c4 dxc4 3. Qa4+ Nc6 4. Nf3 Qd5 5. Nc3 Qa5 6. Qxa5 Nxa5 7. Nd5 Kd8 8.
Bf4 Bf5 9. Bxc7+ Kc8 10. Bxa5 e6 11. Ne3 b6 12. Bd2 b5 13. a4 b4 14. Nxc4 Nf6
15. Nfe5 Be7 16. Rc1 Bg6 17. Nb6+ Kb7 18. Nxa8 Rxa8 19. Nxg6 hxg6 20. e3 Bd6 21.
g3 Ne4 22. Bg2 f5 23. f3 Nf6 24. e4 fxe4 25. fxe4 e5 26. dxe5 Bxe5 27. Rc5 Nd7
28. Rd5 Kc6 29. O-O Nb6 30. Rxe5 Nxa4 31. Bxb4 Nxb2 32. Rc1+ Kb6 33. Ba5+ 1-0

[Event "AUTO-ELITE-2545"]
[Site "http://www.queenalice.com/game.php?id=1847660"]
[Date "2024.11.23"]
[Round "2"]
[White "RaulSoft2"]
[Black "acid"]
[Result "0-1"]
[WhiteElo "2587"]
[BlackElo "2711"]

1. d4 d5 2. c4 c6 3. cxd5 cxd5 4. Bf4 Nc6 5. e3 Nf6 6. Be2 Qb6 7. Nc3 e5 8. dxe5
Qxb2 9. Kf1 Qxc3 10. Rc1 Qb2 11. Rc2 Qa3 12. exf6 Bf5 13. Rd2 gxf6 14. g4 Be6
15. Qb1 O-O-O 16. Rd3 Qa4 17. Rb3 Bd6 18. Rxb7 Bxf4 19. exf4 d4 20. Bb5 Qb4 21.
Ba6 Bc4+ 22. Kg2 Qxb1 23. Rxb1+ Bxa6 24. Nf3 Rd5 25. Rhc1 Kd7 26. Nd2 Re8 27.
Nb3 Kd6 28. Rd1 Re2 29. a3 Rc2 30. Nd2 f5 31. gxf5 Kc7 32. Rbc1 d3 33. Rb1 Rxf5
34. Kf3 Rf6 35. Ne4 Nd4+ 36. Ke3 Nf5+ 37. Kf3 Rg6 38. Rbc1 Kb8 39. Rxc2 dxc2 40.
Rc1 Bb7 41. Rxc2 Nd4+ 42. Ke3 Nxc2+ 43. Kd3 Bxe4+ 44. Kxe4 Nxa3 45. f5 Rg2 46.
Kf3 Rg1 0-1

[Event "AUTO-OPEN-4512"]
[Site "http://www.queenalice.com/game.php?id=1848006"]
[Date "2024.11.28"]
[Round "3"]
[White "tucuman10"]
[Black "RaulSoft2"]
[Result "0-1"]
[WhiteElo "2205"]
[BlackElo "2600"]

1. d4 d5 2. c4 e6 3. e3 Nf6 4. Nc3 Be7 5. Bd3 dxc4 6. Bxc4 a6 7. Bd2 b5 8. Be2
Nbd7 9. Bf3 Rb8 10. Ne4 Nxe4 11. Bxe4 c5 12. Ne2 O-O 13. Rc1 b4 14. Qc2 h6 15.
O-O a5 16. Rfd1 Ba6 17. Ng3 c4 18. Bf3 Qb6 19. e4 Rbc8 20. Be3 b3 21. axb3 cxb3
22. Qd2 Bb4 23. Rc3 Bxc3 24. bxc3 Qd8 25. Qb2 a4 26. e5 Nb6 0-1

[Event "AUTO-ELITE-2537"]
[Site "http://www.queenalice.com/game.php?id=1849712"]
[Date "2025.1.2"]
[Round "3"]
[White "mestreRJ"]
[Black "RaulSoft2"]
[Result "1/2-1/2"]
[WhiteElo "2698"]
[BlackElo "2558"]

1. e4 e5 2. Nf3 Nc6 3. Bc4 Nf6 4. Ng5 d5 5. exd5 Na5 6. Bb5+ c6 7. dxc6 bxc6 8.
Qf3 Bd7 9. Ba4 Be7 10. O-O O-O 11. d3 Rb8 12. Nc3 Ng4 13. h3 Nh6 14. Nge4 Nf5
15. Re1 Nd4 16. Qd1 c5 17. Nd2 f6 18. Bxd7 Qxd7 19. Nc4 Nac6 20. Ne4 Rbd8 21.
Ng3 Rf7 22. a3 Bf8 23. Be3 Ne6 24. Bd2 Ne7 25. Qg4 Nd5 26. Rac1 g6 27. Ne4 Bg7
28. Nc3 Ne7 29. Rb1 Nf5 30. Ne4 Qc6 31. Na5 Qc8 32. Qd1 Nh4 33. Nc4 Qc6 34. Qg4
Nf5 35. Na5 Qc8 36. Qd1 Nh4 37. g3 Nf5 38. Nc4 Qa8 39. h4 Nfd4 40. c3 f5 41.
cxd4 fxe4 42. Rxe4 Nxd4 43. Be3 Nf3+ 44. Kg2 Rd5 45. Qc2 h5 46. Nd2 Nxd2 47.
Bxd2 Rfd7 48. Rbe1 Rxd3 49. Bc3 Kh7 50. Kg1 Qd5 51. Qa4 Qf7 52. Qc4 Qf8 53. R4e3
Rxe3 54. Rxe3 Rd1+ 55. Kg2 Qd6 56. Qf7 Qc6+ 57. Qf3 Qd6 58. Kh2 c4 59. Qb7 Qb6
60. Qc8 Qf6 61. Kg2 Qf7 62. Qc6 Rd3 63. Rf3 Rxf3 64. Qxf3 Qe6 65. Qb7 a6 66. a4
Kh8 67. a5 Kg8 68. Kg1 Bf6 69. Bd2 e4 70. Be3 Bg7 71. Qb6 Kf7 72. Qa7+ Kf8 73.
Qa8+ Kf7 74. Qb7+ Kg8 75. Qb6 Kf7 76. Qc7+ Kg8 77. Qb7 1/2-1/2

[Event "AUTO-ELITE-2537"]
[Site "http://www.queenalice.com/game.php?id=1849713"]
[Date "2025.1.2"]
[Round "3"]
[White "RaulSoft2"]
[Black "mestreRJ"]
[Result "1/2-1/2"]
[WhiteElo "2590"]
[BlackElo "2725"]

1. d4 Nf6 2. c4 e6 3. g3 d5 4. Bg2 Bb4+ 5. Bd2 Be7 6. Nf3 O-O 7. cxd5 exd5 8.
Nc3 Nbd7 9. Qc2 c6 10. O-O Re8 11. Rae1 Bf8 12. Bf4 a5 13. h3 Ne4 14. Nxe4 dxe4
15. Nd2 Nf6 16. e3 h6 17. Be5 Nd7 18. Bf4 g5 19. Be5 Nxe5 20. dxe5 Rxe5 21. Nxe4
Bg7 22. Rd1 Qe7 23. Nd6 Be6 24. Rd2 a4 25. Rfd1 Bxa2 26. Ra1 Bd5 27. Rxa4 Rxa4
28. Qxa4 Qxd6 29. e4 c5 30. Qa8+ Qf8 31. Qxf8+ Bxf8 32. Rxd5 Rxd5 1/2-1/2

[Event "AUTO-OPEN-4503"]
[Site "http://www.queenalice.com/game.php?id=1855042"]
[Date "2025.4.5"]
[Round "3"]
[White "RaulSoft2"]
[Black "gizmokaka"]
[Result "1/2-1/2"]
[WhiteElo "2515"]
[BlackElo "2823"]

1. d4 Nf6 2. c4 e6 3. Nf3 b6 4. g3 Ba6 5. Qc2 c5 6. d5 exd5 7. cxd5 Bb7 8. Bg2
Nxd5 9. O-O Nc6 10. Rd1 Be7 11. Qf5 Nf6 12. e4 g6 13. Qf4 O-O 14. e5 Nh5 15. Qc4
Re8 16. Nc3 Ng7 17. h4 Ne6 18. Be3 Rc8 19. Qa4 Qc7 20. a3 Ba8 21. Nb5 Qb7 22.
Ng5 Qb8 23. Nxe6 dxe6 24. Bf4 Red8 25. Rxd8+ Rxd8 26. Rd1 h6 27. Rxd8+ Qxd8 28.
Qe4 g5 29. hxg5 hxg5 30. Be3 Qd1+ 31. Bf1 Bb7 32. Nd6 Bxd6 33. exd6 Qxd6 34.
Bxg5 Qd5 35. Qxd5 exd5 36. Bf6 Kf8 37. f4 d4 38. Kf2 Na5 39. b4 Nb3 40. Bd3 Nc1
41. Bc4 Be4 42. g4 Nd3+ 43. Kg3 Nb2 44. Ba6 Bd5 45. f5 Nc4 46. bxc5 bxc5 47. a4
Nb6 48. Be5 Ke7 49. Bb8 Nxa4 50. Bxa7 Kd6 51. g5 Nc3 52. Kf4 Kc6 53. g6 f6 54.
Bd3 Bg8 55. Kf3 Bd5+ 56. Kf4 Bg8 57. Kf3 Bb3 58. Kf4 Bd5 1/2-1/2

[Event "AUTO-OPEN-4503"]
[Site "http://www.queenalice.com/game.php?id=1855043"]
[Date "2025.4.5"]
[Round "3"]
[White "gizmokaka"]
[Black "RaulSoft2"]
[Result "1-0"]
[WhiteElo "2789"]
[BlackElo "2561"]

1. e4 e5 2. Nf3 d6 3. d4 exd4 4. Nxd4 Nf6 5. Nc3 Be7 6. Bf4 Nc6 7. Qd3 Ne5 8.
Qd2 O-O 9. O-O-O Re8 10. Kb1 c6 11. f3 Ng6 12. Bg3 Qc7 13. Be2 a6 14. Nb3 Rd8
15. h4 h5 16. Bh2 b5 17. g4 hxg4 18. fxg4 Nxg4 19. Bxg4 Bxg4 20. Rdf1 Bxh4 21.
Qg2 Qd7 22. Bg3 Bf6 23. Nd1 Bxd1 24. Rxd1 Qg4 25. Qh2 Qxe4 26. Qh7+ Kf8 27. Rde1
Qxe1+ 28. Rxe1 a5 29. Nd2 Ra7 30. Rh1 Rad7 31. Ne4 Be5 32. Rf1 Ke7 33. Qh5 Rh8
34. Qg5+ Ke8 35. a4 Rh6 36. Bxe5 Nxe5 37. Qxg7 Rg6 38. Qh8+ Ke7 39. Qh4+ Ke6 40.
Rf6+ Rxf6 41. Qxf6+ Kd5 42. Nc3+ Kc5 43. Qf2+ Kc4 44. Qf4+ Kc5 45. Qe3+ Kc4 46.
b3+ 1-0

[Event "AUTO-ELITE-2591"]
[Site "http://www.queenalice.com/game.php?id=1860807"]
[Date "2025.7.29"]
[Round "1"]
[White "RaulSoft2"]
[Black "WoodpusherKid"]
[Result "0-1"]
[WhiteElo "2558"]
[BlackElo "2547"]

1. d4 d5 2. c4 c6 3. Nf3 Nf6 4. cxd5 cxd5 5. Nc3 a6 6. Bf4 Nc6 7. e3 Bg4 8. h3
Bxf3 9. Qxf3 h6 10. Be2 Rc8 11. O-O e6 12. Qg3 g5 13. Be5 Nxe5 14. dxe5 Nd7 15.
f4 gxf4 16. Qxf4 Rh7 17. Rac1 Rc6 18. Nxd5 Rxc1 19. Rxc1 exd5 20. e6 Nf6 21.
Qa4+ Ke7 22. Qb4+ Kxe6 23. Bg4+ Nxg4 24. Qxg4+ Ke7 25. Qb4+ Ke6 26. Qg4+ Ke7 27.
Qb4+ Ke6 28. Qxb7 Bd6 29. Qxa6 Rg7 30. Rc6 Rg6 31. a4 Qb8 32. Rb6 Qc7 33. Rc6
Qb8 34. Rb6 Qc7 35. Rc6 Qb8 36. Qb6 Qxb6 37. Rxb6 Ke5 38. Rb5 Rg8 39. Kf2 Ke4
40. a5 Rb8 41. Rxb8 Bxb8 42. b4 f5 43. b5 Bd6 44. b6 Bc5 45. Ke2 Bxe3 46. Kd1 f4
47. Kc2 d4 48. Kd1 d3 49. Ke1 h5 50. Kd1 h4 51. Ke1 f3 52. gxf3+ Kxf3 53. b7 Ba7
54. Kd2 Ke4 55. a6 Kd4 56. Kd1 Kc3 57. Kc1 d2+ 58. Kd1 Bb8 0-1

[Event "AUTO-ELITE-2591"]
[Site "http://www.queenalice.com/game.php?id=1860808"]
[Date "2025.7.29"]
[Round "1"]
[White "WoodpusherKid"]
[Black "RaulSoft2"]
[Result "1-0"]
[WhiteElo "2560"]
[BlackElo "2522"]

1. c4 e5 2. g3 Nf6 3. Bg2 d5 4. cxd5 Nxd5 5. Nf3 Nc6 6. O-O Nb6 7. Nc3 Be7 8. b3
O-O 9. Bb2 Re8 10. a3 a5 11. Qc2 h6 12. Rac1 Be6 13. Ne4 Nd7 14. d3 Bf8 15. Rfd1
Qe7 16. d4 exd4 17. Nxd4 Nxd4 18. Rxd4 Rac8 19. Rd3 Bf5 20. Re3 c6 21. Qc3 Nf6
22. Nd2 Qc7 23. Rxe8 Rxe8 24. Re1 Ra8 25. Bf3 Be6 26. Rc1 Nd5 27. Qc2 Rd8 28.
Nc4 b5 29. Ne5 c5 30. Nd3 Rc8 31. e4 Nb6 32. Nf4 Qc6 33. Nxe6 Qxe6 34. h3 Re8
35. e5 a4 36. bxa4 Nxa4 37. Bg4 Qc6 38. e6 Nxb2 39. exf7+ Kxf7 40. Qxb2 c4 41.
Qa2 Kg8 42. a4 bxa4 43. Kh2 a3 44. Rxc4 Qd5 45. Bf3 Qe6 46. Qc2 Rb8 47. Kg2 Kh8
48. Re4 Qf5 49. Qc3 Qf6 50. Qa5 Qb6 51. Qd5 Rd8 52. Qf5 Qf6 53. Qa5 Bd6 54. Re2
Rf8 55. Re3 Qf7 56. Rxa3 Bxa3 57. Qxa3 Qf5 58. Qe3 Qf7 59. h4 Re8 60. Qd3 Rf8
61. Qe4 Qf5 62. g4 Qxe4 63. Bxe4 g5 64. Bf5 Ra8 65. hxg5 1-0

[Event "AUTO-ELITE-2558"]
[Site "http://www.queenalice.com/game.php?id=1860905"]
[Date "2025.7.31"]
[Round "2"]
[White "trompmaster"]
[Black "RaulSoft2"]
[Result "1-0"]
[WhiteElo "2405"]
[BlackElo "2533"]

1. d4 d5 2. Nf3 Nf6 3. e3 e6 4. Bd3 b6 5. Qe2 Bb7 6. Nbd2 c5 7. c3 Nc6 8. O-O
Be7 9. e4 dxe4 10. Nxe4 cxd4 11. cxd4 O-O 12. Nxf6+ Bxf6 13. Qe4 g6 14. Bh6 Bg7
15. Bxg7 Kxg7 16. Rac1 Rc8 17. Rc3 Qe7 18. Qe3 Nb4 19. Bc4 Bxf3 20. Qxf3 Rfd8
21. Bb3 Rc7 22. Rxc7 Qxc7 23. Rd1 Nd5 24. Qe2 Ne7 25. Qe3 Rd6 26. g4 Qd8 27.
Qe5+ Kg8 28. Qg5 h6 29. Qf6 Qd7 30. Rd3 Nc6 31. Rh3 Qd8 32. Qxd8+ Rxd8 33. d5
exd5 34. Rxh6 Ne5 35. Rh3 Nxg4 36. Rd3 Nf6 37. Kg2 Kf8 38. Rc3 Rd6 39. Rc1 a5
40. Kf3 Nd7 41. Rd1 d4 42. Kf4 Nc5 43. Kf3 Rf6+ 44. Kg2 Nxb3 45. axb3 Rf4 46.
Kg3 g5 47. Re1 d3 48. Rd1 Rd4 49. Rd2 Ke7 50. Kf3 1-0

[Event "AUTO-ELITE-2558"]
[Site "http://www.queenalice.com/game.php?id=1860906"]
[Date "2025.7.31"]
[Round "2"]
[White "RaulSoft2"]
[Black "trompmaster"]
[Result "0-1"]
[WhiteElo "2544"]
[BlackElo "2391"]

1. d4 Na6 2. e4 c6 3. Nc3 e6 4. Nf3 d5 5. e5 Ne7 6. Bxa6 bxa6 7. Na4 Nf5 8. O-O
a5 9. b3 Ba6 10. Re1 h6 11. h3 Rb8 12. Qd2 Bb5 13. Nc5 Bxc5 14. dxc5 a4 15. Bb2
O-O 16. Nd4 Nxd4 17. Bxd4 Qh4 18. Re3 Qg5 19. Qc3 Kh8 20. Rg3 Qf5 21. Re1 a5 22.
Qd2 axb3 23. cxb3 a4 24. b4 Bc4 25. a3 Rfe8 26. Ree3 Qb1+ 27. Kh2 Bb3 28. Ref3
Re7 29. Rf6 Qh7 30. Qf4 Rbb7 31. Qh4 h5 32. Be3 g6 33. Rgxg6 Qxg6 34. b5 Kg8 35.
Bg5 Rec7 36. Rxg6+ fxg6 37. Bd8 Rc8 38. Qf6 d4 39. Qxg6+ Rg7 40. Qe8+ Kh7 41.
Qxh5+ Kg8 42. Bf6 cxb5 43. Bxg7 Kxg7 44. Qg4+ Kf7 45. Qxd4 Bd5 46. f4 Rg8 47. g4
Ke7 48. c6 Rc8 49. Qa7+ Kf8 0-1

[Event "AUTO-ELITE-2558"]
[Site "http://www.queenalice.com/game.php?id=1860909"]
[Date "2025.7.31"]
[Round "2"]
[White "RaulSoft2"]
[Black "Sexxy_Bunny"]
[Result "1/2-1/2"]
[WhiteElo "2556"]
[BlackElo "2665"]

1. d4 Nf6 2. c4 e6 3. g3 d5 4. cxd5 exd5 5. Nf3 c5 6. Bg2 Nc6 7. O-O Be7 8. Nc3
O-O 9. Bg5 cxd4 10. Nxd4 h6 11. Be3 Re8 12. Qb3 Na5 13. Qc2 Bg4 14. Nf5 Rc8 15.
h3 Bh5 16. Qd3 Nc4 17. Nxd5 Nxd5 18. Bxd5 Nxe3 19. fxe3 Bc5 20. Kg2 Bg6 21. e4
Re5 22. Rad1 Qe8 23. Rf4 Bxf5 24. Rxf5 Rxf5 25. exf5 Rc7 26. b3 Rd7 27. h4 Qe5
28. e4 b5 29. Kh2 Bd6 30. Kh3 b4 31. Qf3 Bb8 32. Rd3 Kh7 33. Qh5 a5 34. Qg4 Qf6
35. Rd1 Kh8 36. Qe2 Qe5 37. Qg4 Qf6 38. Qe2 Kh7 39. Qg4 Kh8 1/2-1/2

[Event "AUTO-ELITE-2558"]
[Site "http://www.queenalice.com/game.php?id=1860910"]
[Date "2025.7.31"]
[Round "2"]
[White "Sexxy_Bunny"]
[Black "RaulSoft2"]
[Result "1-0"]
[WhiteElo "2634"]
[BlackElo "2550"]

1. e4 e5 2. Nf3 Nc6 3. Bb5 Nf6 4. O-O Nxe4 5. d4 Nd6 6. Bxc6 bxc6 7. dxe5 Nf5 8.
Qd3 d5 9. exd6 Bxd6 10. Re1+ Ne7 11. Nc3 O-O 12. Bg5 h6 13. Bh4 Re8 14. Ne4 Bf5
15. Nxd6 Bxd3 16. Nxe8 g5 17. Nf6+ Kg7 18. Nh5+ Kg6 19. Nf4+ Kf6 20. Nh5+ Kg6
21. Nf4+ Kf6 22. Rad1 gxh4 23. Rxd3 Nd5 24. Re4 Qf8 25. Nh5+ Kg6 26. Rxh4 Re8
27. h3 f5 28. Ng3 Re6 29. c4 Ne7 30. Rf4 Kh7 31. Nh4 Rf6 32. Rdf3 c5 33. Ngxf5
Nc6 34. Re4 Qf7 35. b3 Qd7 36. Kh2 a5 37. Rff4 Rf7 38. a4 Rf8 39. g3 Rf7 40. Re3
Rf6 41. Kg2 Rf8 42. Ree4 Re8 43. Rxe8 Qxe8 44. Rg4 Ne5 45. Rg7+ Kh8 46. g4 Qa8+
47. Kg3 Qb8 48. Kf4 Qe8 49. Re7 Ng6+ 50. Nxg6+ Qxg6 51. h4 Qc6 52. f3 Qg6 53. g5
hxg5+ 54. hxg5 Qh5 55. Re6 Qh2+ 56. Kg4 Qg2+ 57. Kh5 Kg8 58. Kg6 1-0